Principios generales de Literatura e Historia de la Literatura Española / (Record no. 163387)
[ view plain ]
| 000 -LEADER | |
|---|---|
| campo de control de longitud fija | 00922nam a2200229 i 4500 |
| 001 - NÚMERO DE CONTROL | |
| campo de control | 163387 |
| 003 - IDENTIFICADOR DE NÚMERO DE CONTROL | |
| campo de control | ES-MaACL |
| 005 - FECHA Y HORA DE LA ÚLTIMA TRANSACCIÓN | |
| campo de control | 20250716002324.0 |
| 008 - DATOS DE LONGITUD FIJA--INFORMACIÓN GENERAL | |
| campo de control de longitud fija | 931025m18971898sp |||| | spa d |
| 040 ## - FUENTE DE CATALOGACIÓN | |
| Centro catalogador/agencia de origen | PAB |
| Lengua de catalogación | spa |
| Centro/agencia transcriptor | CCPB |
| 100 1# - ENTRADA PRINCIPAL--NOMBRE DE PERSONA | |
| Nombre de persona | Revilla, Manuel de la, |
| Fechas asociadas al nombre | 1846-1881 |
| 9 (RLIN) | 96432 |
| 245 10 - MENCIÓN DEL TÍTULO | |
| Título | Principios generales de Literatura e Historia de la Literatura Española / |
| Mención de responsabilidad, etc. | por Manuel de la Revilla... y Pedro Alcántara García. |
| 250 ## - MENCION DE EDICION | |
| Mención de edición | 4º ed. |
| 260 ## - PUBLICACIÓN, DISTRIBUCIÓN, ETC. | |
| Lugar de publicación, distribución, etc. | Madrid : |
| Nombre del editor, distribuidor, etc. | Librería de Francisco Iravedra, |
| Fecha de publicación, distribución, etc. | 1897-1898 ( |
| Fabricante | Est. tip. de Idamor Moreno) |
| 300 ## - DESCRIPCIÓN FÍSICA | |
| Extensión | 2 v. (X, 526; 788 p.) ; |
| Dimensiones | 23 cm. |
| 510 4# - NOTA DE CITAS O REFERENCIAS BIBLIOGRÁFICAS | |
| Nombre de la fuente | Palau, |
| Localización dentro de la fuente | XVI, 263443 |
| 650 #4 - PUNTO DE ACCESO ADICIONAL DE MATERIA--TÉRMINO DE MATERIA | |
| Término de materia o nombre geográfico como elemento de entrada | Literatura española- |
| Subdivisión general | Historia y crítica |
| 9 (RLIN) | 14560 |
| 700 1# - ENTRADA AGREGADA--NOMBRE PERSONAL | |
| Nombre de persona | García, Pedro de Alcántara, |
| Fechas asociadas al nombre | 1842-1906 |
| 9 (RLIN) | 54086 |
| 852 ## - LOCALIZACIÓN | |
| Ubicación | ES-MaACL |
| Número de control de estantería | B-1240-41 |
| Nota libre | -- Enc. pasta española |
| Encuadernación | -- Completar T300: (X, 526; 788 p.) |
| 942 ## - ELEMENTOS DE ENTRADA SECUNDARIOS (KOHA) | |
| Fuente del sistema de clasificación o colocación | Clasificación decimal universal |
| Estatus retirado | Estado de pérdida | Estado de daño | No para préstamo | Colección | Biblioteca de origen | Biblioteca actual | Ubicación en estantería | Fecha de adquisición | Fuente de adquisición | Total de préstamos | Signatura topográfica completa | Código de barras | Visto por última vez | Precio de reemplazo | Tipo de ítem Koha |
|---|---|---|---|---|---|---|---|---|---|---|---|---|---|---|---|
| Libros del s. XIX | Biblioteca del Ateneo de Madrid | Biblioteca del Ateneo de Madrid | Sala Pardo Bazán | 17/01/2008 | B-1240-1241 | 1171215 | 23/02/2023 | 23/02/2023 | Libro impreso antiguo |
